00459nam a22001577a 450000500170000001000150001702000290003203500140006103700130007508200100008810000200009824500420011826000470016027000770020730000170028420230719123815.0 aENG-137470 c350.00 a9788132105909 aEN-121002 bDBAD/PUB a324.2 aKelkar, Sanjeev aLOST YEARS OF THE RSScSanjeev Kelkar aNew DelhibSAGE Publications India Pvt Ltd aB1/1-1 Mohan Cooperative Industrial Area Mathura RoadbNew Delhie110044 a354p.c22cm,